| 000 | 00557nam a2200181 4500 | ||
|---|---|---|---|
| 001 | 121171 | ||
| 003 | ES-MaACL | ||
| 005 | 20230906191713.0 | ||
| 007 | t| | ||
| 008 | 070214s1967 sp r ||||1| spa d | ||
| 100 | 1 |
_aPreti, Luigi. _993801 |
|
| 245 | 1 | 0 |
_aGiovanezza, giovanezza... / _cpor Luigi Preti ; traducción de José Manuel Alonso Ibarrola. |
| 250 | _a1ª ed. | ||
| 260 |
_aBarcelona [etc.] : _bPlaza & Janés, _c1967. |
||
| 300 |
_a445 p. ; _c20 cm. |
||
| 700 | 1 |
_aAlonso Ibarrola, José Manuel. _920343 |
|
| 852 |
_aES-MaACL _jC-31950 _bR.62324 |
||
| 999 |
_c121171 _d121171 |
||